Welcome to WEB OPAC of MRSPTU Central Library

Process control instrumentation technology (Record no. 4067)

MARC details
000 -LEADER
fixed length control field 00401nam a2200157Ia 4500
008 - FIXED-LENGTH DATA ELEMENTS--GENERAL INFORMATION
fixed length control field 230711s9999||||xx |||||||||||||| ||und||
020 ## - INTERNATIONAL STANDARD BOOK NUMBER
International Standard Book Number 978-93-325-4945-6
041 ## - LANGUAGE CODE
Language code of text/sound track or separate title ENG
082 ## - DEWEY DECIMAL CLASSIFICATION NUMBER
Classification number 621
Item number JO-P
100 ## - MAIN ENTRY--PERSONAL NAME
Personal name Johnson,Curtis D
245 #0 - TITLE STATEMENT
Title Process control instrumentation technology
250 ## - EDITION STATEMENT
Edition statement 8th Ed.
260 ## - PUBLICATION, DISTRIBUTION, ETC.
Date of publication, distribution, etc. 2016
Place of publication, distribution, etc. New Delhi
Name of publisher, distributor, etc. Pearson
650 ## - SUBJECT ADDED ENTRY--TOPICAL TERM
Topical term or geographic name entry element Electrical Engineering
942 ## - ADDED ENTRY ELEMENTS (KOHA)
Koha item type Book
Holdings
Withdrawn status Lost status Damaged status Not for loan Collection Home library Current library Date acquired Total checkouts Full call number Barcode Date last seen Price effective from Koha item type Cost, normal purchase price Inventory number
          MRSPTU Central Library MRSPTU Central Library     621 JO-P 13596 08/17/2023 08/17/2023 Book    
          MRSPTU Central Library MRSPTU Central Library     621 JO-P 13597 08/17/2023 08/17/2023 Book    
          MRSPTU Central Library MRSPTU Central Library     621 JO-P 13598 08/17/2023 08/17/2023 Book    
          MRSPTU Central Library MRSPTU Central Library     621 JO-P 13599 08/17/2023 08/17/2023 Book    
          MRSPTU Central Library MRSPTU Central Library     621 JO-P 13600 08/17/2023 08/17/2023 Book    
          MRSPTU Central Library MRSPTU Central Library     621.37 JO-P 32540 08/17/2023 08/17/2023 Book 549.00 6542487
          MRSPTU Central Library MRSPTU Central Library     621.37 JO-P 32541 08/17/2023 08/17/2023 Book 549.00 6542487
          MRSPTU Central Library MRSPTU Central Library     621.37 JO-P 32542 08/17/2023 08/17/2023 Book 549.00 6542487
          MRSPTU Central Library MRSPTU Central Library     621.37 JO-P 32543 08/17/2023 08/17/2023 Book 549.00 6542487
          MRSPTU Central Library MRSPTU Central Library     621.37 JO-P 32544 08/17/2023 08/17/2023 Book 549.00 6542487
          MRSPTU Central Library MRSPTU Central Library     621.37 JO-P 32545 08/17/2023 08/17/2023 Book 549.00 6542487
          MRSPTU Central Library MRSPTU Central Library     621.37 JO-P 32546 08/17/2023 08/17/2023 Book 549.00 6542487
          MRSPTU Central Library MRSPTU Central Library     621.37 JO-P 32547 08/17/2023 08/17/2023 Book 549.00 6542487

Website Designed and Developed by MRSPTU Central Library Team

E-mail Id: librarian@mrsptu.ac.in